| 000 | 00687nam a22002057a 4500 | ||
|---|---|---|---|
| 999 |
_c5117 _d5117 |
||
| 003 | AR-CdUCM | ||
| 008 | 190312b ||||| |||| 00| 0 spa d | ||
| 040 |
_aMUNICIPALIDAD PROVINCIAL DEL CUSCO _cBIBLIOTECA MUNICIPAL DEL CUSCO |
||
| 082 |
_a711 / _bB79 |
||
| 100 |
_aBozo, Letunic _915560 |
||
| 245 | _aThe Restoration of Dubrovnik 1979 - 1989 / | ||
| 260 |
_bNasa Djeca ; _c1990. |
||
| 300 |
_a371 páginas ; _bFotografĂas, planos _c28cm |
||
| 505 | _aContenido: Monuments -- Studies and discussions -- The historic nucleus of Dubrovnik... | ||
| 650 |
_aArchitecture _915561 |
||
| 650 |
_aEdification _915562 |
||
| 650 |
_aMonuments _915563 |
||
| 942 |
_2ddc _cLIBROS |
||
| 945 | _anom | ||